| 000 | 01410nam a2200373 c 4500 | ||
|---|---|---|---|
| 001 | 58806 | ||
| 003 | CO-BoRNBP | ||
| 005 | 20250828151207.0 | ||
| 007 | ta | ||
| 008 | 210920s2014 sp ao jr 000 0 spa d | ||
| 020 |
_a9788434224063 _q(volumen 3) |
||
| 020 |
_a9788434224346 _q(Obra completa) |
||
| 040 |
_aCO-BoRNBP _bspa _erda _cCO-BoRNBP |
||
| 041 | 0 | _aspa | |
| 082 | 0 | 4 |
_a372.87 _bC11m1 _222 |
| 100 |
_aCabacés, Roser _eaut _935496 |
||
| 245 | 1 | 3 |
_aLa música se mueve / _ctextos Roser Cabacés y Elisabet Vilaplana ; ilustraciones Anna Clariana. |
| 250 | _aNovena edición | ||
| 264 | 1 |
_aBadalona : _bParramón Paidotribo, _c2022 |
|
| 300 |
_a80 páginas : _bilustraciones y fotografías a color |
||
| 336 |
_atexto _btxt _2rdacontent |
||
| 337 |
_asin mediación _bn _2rdamedia |
||
| 338 |
_avolumen _bnc _2rdacarrier |
||
| 490 | 0 |
_aVivamos la música : leer, jugar, escuchar y aprender _v3 |
|
| 500 | _aContenido adicional a través de un código QR | ||
| 500 | _aEl material corresponde a la dotación PNLB 2023, corresponde al año 2022 | ||
| 521 | _aRecomendado para un público mayor de 12 años | ||
| 650 | 0 | 7 |
_aApreciación musical _xEnseñanza _2lemb _964015 |
| 650 | 0 | 7 |
_aEstética musical _2lemb _925036 |
| 650 | 0 | 7 |
_aExpresión artística infantil _2lemb _964016 |
| 700 |
_aClariana, Anna, _d1958- _eill _964017 |
||
| 700 |
_aVilaplana, Elisabet, _dautora _eaut _964018 |
||
| 942 |
_2ddc _cBK |
||
| 999 |
_c58806 _d58806 |
||